[Event "Zurich Jubilee Open 2009"]
[Site "Zuerich SUI"]
[Date "2009.08.10"]
[Round "2.12"]
[White "Mikhalevski, Victor"]
[Black "Michalczak, Thomas"]
[Result "1-0"]
[WhiteElo "2631"]
[BlackElo "2352"]
[PlyCount "149"]
[EventDate "2009.08.09"]
[EventType "swiss"]
[EventRounds "9"]
[EventCountry "SUI"]
[Source "lmi"]
[SourceDate "2009.08.09"]

1. d4 d5 2. c4 e6 3. Nf3 Nf6 4. g3 dxc4 5. Bg2 c5 6. O-O Nc6 7. dxc5 Qxd1 8.
Rxd1 Bxc5 9. Nbd2 c3 10. bxc3 O-O 11. Nb3 Be7 12. Nfd4 Bd7 13. Nxc6 Bxc6 14.
Bxc6 bxc6 15. Be3 Nd5 16. Bd4 c5 17. Be5 Bf6 18. Bxf6 Nxf6 19. c4 Rfc8 20. f3
Kf8 21. Rd6 Ke7 22. Ra6 Rc7 23. Nc1 Rb8 24. Nd3 Nd7 25. Rc1 Rb6 26. Ra5 Kd6 27.
f4 Nb8 28. Rd1 Ke7 29. Rxc5 Rxc5 30. Nxc5 Rc6 31. Nd3 Rxc4 32. Rb1 Na6 33. Kf2
Rc7 34. Rb5 Kd6 35. Ra5 Nb8 36. Ke3 Nd7 37. Ra4 Nb6 38. Rd4+ Nd5+ 39. Kd2 Ke7
40. Ra4 Nb6 41. Rb4 Nc4+ 42. Ke1 Ne3 43. Rb3 Nc2+ 44. Kd2 Nd4 45. Rb4 Nc6 46.
Rc4 Kd6 47. e4 f6 48. e5+ fxe5 49. fxe5+ Kd7 50. Ke3 Nd8 51. Kd4 Rxc4+ 52. Kxc4
Kc6 53. Nf4 Nf7 54. Kd4 Nd8 55. h4 g6 56. Kc4 Nf7 57. Kd4 Nd8 58. Kc4 Nf7 59.
Nxe6 Nxe5+ 60. Kd4 Kd6 61. Nf8 h6 62. Ke4 a6 63. Kd4 Nc6+ 64. Ke3 Ne5 65. Ke4
h5 66. Kf4 Nf7 67. Nxg6 Kc5 68. Ne5 Nd6 69. Nd7+ Kb4 70. Kg5 Ne4+ 71. Kxh5
Nxg3+ 72. Kg4 Ne4 73. h5 Nd6 74. h6 Nf7 75. h7 1-0

[Event "Zurich Jubilee Open 2009"]
[Site "Zuerich SUI"]
[Date "2009.08.10"]
[Round "2.13"]
[White "Gharamian, Tigran"]
[Black "Neimer, Vitaly"]
[Result "1/2-1/2"]
[WhiteElo "2615"]
[BlackElo "2350"]
[PlyCount "81"]
[EventDate "2009.08.09"]
[EventType "swiss"]
[EventRounds "9"]
[EventCountry "SUI"]
[Source "lmi"]
[SourceDate "2009.08.09"]

1. e4 c5 2. Nf3 e6 3. d4 cxd4 4. Nxd4 a6 5. Bd3 Bc5 6. Nb3 Be7 7. Qg4 g6 8. Qe2
d6 9. O-O Nd7 10. Na3 Qc7 11. Nc4 Ngf6 12. Bh6 Bf8 13. Bxf8 Kxf8 14. Qe3 b5 15.
Nca5 Kg7 16. a4 b4 17. Qd4 Rb8 18. Nc4 d5 19. exd5 exd5 20. Ne3 Qe5 21. Rfd1
Qxd4 22. Nxd4 Bb7 23. a5 Nc5 24. Nf1 Nfe4 25. Nd2 Rhc8 26. Bf1 Kf6 27. Bd3 Rc7
28. N2b3 Bc8 29. Kf1 h5 30. f3 Ng5 31. Nxc5 Rxc5 32. Nb3 Rc7 33. Ke2 h4 34. g3
hxg3 35. hxg3 Bb7 36. Kf2 Ne6 37. Rh1 Nc5 38. Nd4 b3 39. Ke3 bxc2 40. Bxc2 Bc8
41. b3 1/2-1/2

[Event "Zurich Jubilee Open 2009"]
[Site "Zuerich SUI"]
[Date "2009.08.10"]
[Round "2.14"]
[White "Fejzullahu, Afrim"]
[Black "Bauer, Christian"]
[Result "1/2-1/2"]
[WhiteElo "2344"]
[BlackElo "2602"]
[PlyCount "61"]
[EventDate "2009.08.09"]
[EventType "swiss"]
[EventRounds "9"]
[EventCountry "SUI"]
[Source "lmi"]
[SourceDate "2009.08.09"]

1. e4 c5 2. Nf3 b6 3. d4 cxd4 4. Nxd4 Bb7 5. Nc3 a6 6. Bd3 g6 7. Be3 d6 8. O-O
Nf6 9. h3 Nbd7 10. Re1 Bg7 11. Qd2 O-O 12. Bh6 e6 13. a4 Rc8 14. Bxg7 Kxg7 15.
Bf1 Qc7 16. Rad1 Rfd8 17. Qe3 Nc5 18. f3 e5 19. Nf5+ Kh8 20. Qg5 Ng8 21. Ne3
Ne6 22. Qh4 Nd4 23. Bd3 Qe7 24. Qf2 Rb8 25. Ncd5 Bxd5 26. Nxd5 Qb7 27. Bxa6
Qxa6 28. Rxd4 exd4 29. Qxd4+ f6 30. Nxf6 Nxf6 31. Qxf6+ 1/2-1/2

[Event "Zurich Jubilee Open 2009"]
[Site "Zuerich SUI"]
[Date "2009.08.10"]
[Round "2.16"]
[White "Paehtz, Thomas Jr"]
[Black "Safarli, Eltaj"]
[Result "0-1"]
[WhiteElo "2340"]
[BlackElo "2597"]
[PlyCount "78"]
[EventDate "2009.08.09"]
[EventType "swiss"]
[EventRounds "9"]
[EventCountry "SUI"]
[Source "lmi"]
[SourceDate "2009.08.09"]

1. e4 c5 2. c3 d5 3. exd5 Qxd5 4. d4 Nf6 5. Nf3 e6 6. Be3 cxd4 7. cxd4 Bb4+ 8.
Nc3 O-O 9. a3 Bxc3+ 10. bxc3 Qa5 11. Qb3 b6 12. Ne5 Ba6 13. Qb4 Qxb4 14. axb4
Bxf1 15. Rxf1 Rc8 16. Kd2 Nc6 17. Nxc6 Rxc6 18. Kd3 Nd5 19. Bd2 b5 20. Ra5 a6
21. Rfa1 Rb6 22. c4 bxc4+ 23. Kxc4 Kf8 24. g4 Ke7 25. f4 Nf6 26. Kd3 Nd5 27. b5
Nc7 28. bxa6 Raxa6 29. Bb4+ Rxb4 30. Rxa6 Nxa6 31. Rxa6 Rb2 32. h4 g6 33. h5
gxh5 34. g5 Kf8 35. Ke4 Rb5 36. Rc6 Rf5 37. Rc8+ Kg7 38. Rc5 Kg6 39. Rxf5 exf5+
0-1

[Event "Zurich Jubilee Open 2009"]
[Site "Zuerich SUI"]
[Date "2009.08.10"]
[Round "2.17"]
[White "Sandipan, Chanda"]
[Black "Berend, Elvira"]
[Result "1-0"]
[WhiteElo "2585"]
[BlackElo "2339"]
[PlyCount "139"]
[EventDate "2009.08.09"]
[EventType "swiss"]
[EventRounds "9"]
[EventCountry "SUI"]
[Source "lmi"]
[SourceDate "2009.08.09"]

1. d4 d5 2. Nf3 Nf6 3. c4 c6 4. Nc3 a6 5. a4 e6 6. Bg5 Nbd7 7. cxd5 exd5 8. e3
Be7 9. Bd3 O-O 10. Qc2 Re8 11. O-O Nf8 12. h3 Nh5 13. Bxe7 Qxe7 14. Ne5 g6 15.
Rae1 Ng7 16. a5 Bf5 17. Na4 Bxd3 18. Qxd3 Nfe6 19. Qa3 Nf5 20. Qxe7 Rxe7 21. b4
Nd6 22. Rc1 f6 23. Nb6 Rd8 24. Nd3 Kg7 25. Rc2 Ng5 26. Rfc1 Ne6 27. Nc5 Nb5 28.
Nba4 Na3 29. Ra2 Nb5 30. Kf1 Kf7 31. Nb6 Kg7 32. Nba4 Kf7 33. Nb2 Rde8 34. Nbd3
Kg7 35. Rd2 Kf7 36. Rdc2 Na3 37. Nxb7 Rxb7 38. Rxc6 Ra7 39. Rd6 Nb5 40. Rxd5
Ke7 41. Rc6 Nbc7 42. Rdd6 Rd8 43. Rxd8 Nxd8 44. Rc4 Nb5 45. e4 Nf7 46. d5 Ne5
47. Nxe5 fxe5 48. Rc6 Ra8 49. f3 Kd7 50. Ke1 Nd4 51. Rb6 Rc8 52. Kd2 Rc2+ 53.
Kd3 Rxg2 54. Rxa6 Rf2 55. Ra7+ Kd6 56. Rxh7 Rxf3+ 57. Kc4 Nc2 58. Kb5 Rb3 59.
a6 Rxb4+ 60. Ka5 Rb1 61. a7 Ra1+ 62. Kb6 Rb1+ 63. Ka6 Nb4+ 64. Ka5 Nd3 65. Rg7
Ra1+ 66. Kb5 Nf4 67. Kb6 Rb1+ 68. Ka6 Ra1+ 69. Kb7 Rb1+ 70. Kc8 1-0

[Event "Zurich Jubilee Open 2009"]
[Site "Zuerich SUI"]
[Date "2009.08.10"]
[Round "2.18"]
[White "Beckhuis, Gernod"]
[Black "Hou, Yifan"]
[Result "0-1"]
[WhiteElo "2327"]
[BlackElo "2584"]
[PlyCount "66"]
[EventDate "2009.08.09"]
[EventType "swiss"]
[EventRounds "9"]
[EventCountry "SUI"]
[Source "lmi"]
[SourceDate "2009.08.09"]

1. d4 Nf6 2. c4 c5 3. d5 e5 4. Nc3 d6 5. e4 Nbd7 6. g4 g6 7. Be2 h6 8. h4 a6 9.
a4 Bg7 10. h5 Nf8 11. Nh3 Qd7 12. hxg6 fxg6 13. f3 g5 14. Bd3 Ng6 15. Ne2 Qf7
16. Ng3 Nf4 17. Nf5 Bxf5 18. exf5 O-O-O 19. Be4 Nxh3 20. Rxh3 h5 21. Qe2 hxg4
22. Rxh8 Rxh8 23. fxg4 Rh4 24. Ra3 Rxg4 25. Bg2 Kb8 26. Bd2 Qd7 27. Bh3 Re4 28.
Re3 Rh4 29. Rg3 g4 30. Bxg4 Nxg4 31. Rxg4 Rh1+ 32. Kf2 Qxf5+ 33. Kg2 Qh5 0-1

[Event "Zurich Jubilee Open 2009"]
[Site "Zuerich SUI"]
[Date "2009.08.10"]
[Round "2.20"]
[White "Wyss, Thomas"]
[Black "Geetha Narayanan Gopal"]
[Result "0-1"]
[WhiteElo "2325"]
[BlackElo "2575"]
[PlyCount "52"]
[EventDate "2009.08.09"]
[EventType "swiss"]
[EventRounds "9"]
[EventCountry "SUI"]
[Source "lmi"]
[SourceDate "2009.08.09"]

1. e4 c5 2. Nf3 d6 3. d4 cxd4 4. Nxd4 Nf6 5. Nc3 a6 6. Bc4 e6 7. O-O b5 8. Bb3
Be7 9. Qf3 Qb6 10. Bg5 Nbd7 11. Rad1 Qb7 12. Rfe1 O-O 13. Qg3 Kh8 14. Bxe6 fxe6
15. Nxe6 Rf7 16. Nd5 Ne5 17. Nec7 Nxd5 18. Nxa8 Nf6 19. f4 Neg4 20. Bxf6 Bxf6
21. Rxd6 Qxa8 22. h3 Be7 23. Rd2 Nf6 24. Qb3 Rf8 25. e5 Ne4 26. Rde2 Rxf4 0-1

[Event "Zurich Jubilee Open 2009"]
[Site "Zuerich SUI"]
[Date "2009.08.10"]
[Round "2.21"]
[White "Pelletier, Yannick"]
[Black "Nikolova, Adriana"]
[Result "1-0"]
[WhiteElo "2574"]
[BlackElo "2316"]
[PlyCount "57"]
[EventDate "2009.08.09"]
[EventType "swiss"]
[EventRounds "9"]
[EventCountry "SUI"]
[Source "lmi"]
[SourceDate "2009.08.09"]

1. d4 Nf6 2. c4 e6 3. Nf3 Bb4+ 4. Bd2 a5 5. g3 d6 6. Bg2 Nbd7 7. O-O e5 8. Be3
O-O 9. a3 exd4 10. Bxd4 Bc5 11. b3 Bxd4 12. Nxd4 Ne5 13. Nc3 c6 14. Rc1 Re8 15.
Qd2 h5 16. h3 Qc7 17. Rfd1 h4 18. g4 a4 19. Nxa4 d5 20. cxd5 Nexg4 21. hxg4
Nxg4 22. Nf3 Nxf2 23. d6 Qd7 24. Kxf2 h3 25. Nb6 Qg4 26. Bxh3 Qxh3 27. Nxa8 g5
28. Qxg5+ Kf8 29. Rh1 1-0

[Event "Zurich Jubilee Open 2009"]
[Site "Zuerich SUI"]
[Date "2009.08.10"]
[Round "2.22"]
[White "Kelecevic, Nedeljko"]
[Black "Saric, Ivan"]
[Result "1/2-1/2"]
[WhiteElo "2320"]
[BlackElo "2561"]
[PlyCount "112"]
[EventDate "2009.08.09"]
[EventType "swiss"]
[EventRounds "9"]
[EventCountry "SUI"]
[Source "lmi"]
[SourceDate "2009.08.09"]

1. d4 Nf6 2. c4 g6 3. Nc3 Bg7 4. e4 d6 5. f3 O-O 6. Be3 Nbd7 7. Qd2 c5 8. d5
Ne5 9. Bg5 Re8 10. f4 Ned7 11. Nf3 a6 12. Bd3 b5 13. O-O bxc4 14. Bxc4 Nb6 15.
b3 Bg4 16. Be2 Qc7 17. h3 Bxf3 18. Bxf3 c4 19. Kh1 Nfd7 20. b4 a5 21. bxa5 Rxa5
22. e5 Na4 23. Nxa4 Rxa4 24. Rac1 Qa7 25. e6 fxe6 26. dxe6 Nf6 27. Bxf6 Bxf6
28. Bc6 c3 29. Qd3 Rd4 30. Qe3 Rc8 31. Rxc3 Qxa2 32. Ra3 Qb2 33. Rb3 Qd2 34.
Qxd2 Rxd2 35. Bf3 Rc4 36. Rbb1 Rxf4 37. Rfd1 Rxd1+ 38. Rxd1 Kg7 39. Rd3 Rb4 40.
Bd5 Bd4 41. Rf3 Rb1+ 42. Kh2 Bg1+ 43. Kg3 Rb5 44. Rf7+ Kg8 45. Bf3 Rg5+ 46. Kf4
Re5 47. Rxe7 Bh2+ 48. g3 h5 49. Be4 h4 50. Bxg6 hxg3 51. Kf3 Re3+ 52. Kg2 Re2+
53. Kh1 Re1+ 54. Kg2 Rg1+ 55. Kf3 Rf1+ 56. Kg2 Rf2+ 1/2-1/2

[Event "Zurich Jubilee Open 2009"]
[Site "Zuerich SUI"]
[Date "2009.08.10"]
[Round "2.23"]
[White "Hess, Robert L"]
[Black "Vucenovic, Dragomir"]
[Result "1-0"]
[WhiteElo "2560"]
[BlackElo "2309"]
[PlyCount "87"]
[EventDate "2009.08.09"]
[EventType "swiss"]
[EventRounds "9"]
[EventCountry "SUI"]
[Source "lmi"]
[SourceDate "2009.08.09"]

1. e4 c5 2. Nf3 e6 3. g3 Nc6 4. Bg2 d6 5. O-O Nf6 6. Re1 e5 7. c3 Bg4 8. h3
Bxf3 9. Qxf3 g6 10. d3 Bg7 11. a3 a5 12. a4 O-O 13. Na3 Ne8 14. Qd1 Nc7 15. Qb3
Rb8 16. Qb6 Qd7 17. Nc4 Kh8 18. f4 Rfe8 19. Rf1 f6 20. Bd2 Na8 21. Qb3 b6 22.
f5 Nc7 23. Ne3 g5 24. Qd1 Qf7 25. Bf3 Rf8 26. Bh5 Qd7 27. Bg6 hxg6 28. fxg6
Qxh3 29. Rf2 Kg8 30. Nf5 Rfe8 31. Rh2 Qxh2+ 32. Kxh2 Ne6 33. Kg2 Ne7 34. Qb3
Nxg6 35. Nxd6 Re7 36. Nf5 Ree8 37. d4 cxd4 38. cxd4 exd4 39. Nxd4 Ngf8 40. Bc3
Kh7 41. Rh1+ Kg8 42. Nf5 Nd7 43. Qd5 Ndc5 44. Nxg7 1-0

[Event "Zurich Jubilee Open 2009"]
[Site "Zuerich SUI"]
[Date "2009.08.10"]
[Round "2.24"]
[White "Reefschlaeger, Helmut"]
[Black "Lopez Martinez, Josep Manuel"]
[Result "0-1"]
[WhiteElo "2316"]
[BlackElo "2555"]
[PlyCount "82"]
[EventDate "2009.08.09"]
[EventType "swiss"]
[EventRounds "9"]
[EventCountry "SUI"]
[Source "lmi"]
[SourceDate "2009.08.09"]

1. d4 Nf6 2. Nf3 e6 3. e3 b6 4. Bd3 Bb7 5. Nbd2 c5 6. O-O cxd4 7. exd4 Be7 8.
Re1 O-O 9. c3 d6 10. Qe2 a6 11. Nf1 Nbd7 12. Ng3 Re8 13. a4 Bf8 14. Bc2 Qc7 15.
Be3 Bc6 16. Qd3 Qb7 17. Bg5 g6 18. Re2 b5 19. h4 e5 20. Bxf6 Nxf6 21. Ng5 exd4
22. Bb3 d5 23. cxd4 Rxe2 24. Qxe2 Re8 25. Qd2 Bd6 26. Nf1 h6 27. Nf3 Ne4 28.
Qc2 Rc8 29. a5 Kg7 30. Ne3 Nf6 31. Qd1 Re8 32. Qc2 Qd7 33. Rc1 Bb7 34. Ne5 Bxe5
35. dxe5 Rxe5 36. Qc5 Re4 37. Qb6 Re7 38. Rd1 h5 39. g3 Qh3 40. Qd4 Re4 41. Qb6
Rxe3 0-1

[Event "Zurich Jubilee Open 2009"]
[Site "Zuerich SUI"]
[Date "2009.08.10"]
[Round "3.1"]
[White "Jovanic, Ognjen"]
[Black "Morozevich, Alexander"]
[Result "0-1"]
[WhiteElo "2541"]
[BlackElo "2751"]
[PlyCount "76"]
[EventDate "2009.08.09"]
[EventType "swiss"]
[EventRounds "9"]
[EventCountry "SUI"]
[Source "lmi"]
[SourceDate "2009.08.09"]

1. d4 Nf6 2. c4 e6 3. Nf3 d5 4. Nc3 Bb4 5. Qa4+ Nc6 6. e3 O-O 7. Bd2 Bd7 8. Qc2
Re8 9. Rd1 a6 10. Be2 dxc4 11. Bxc4 Bd6 12. O-O b5 13. Bb3 h6 14. Ne4 Nxe4 15.
Qxe4 e5 16. Qd5 e4 17. Qxf7+ Kh8 18. Ne5 Bxe5 19. dxe5 Nxe5 20. Qf4 Nd3 21. Qg3
b4 22. f3 Qe7 23. fxe4 Be6 24. Bxe6 Qxe6 25. Qxc7 Qxa2 26. Qc2 Red8 27. Ra1 Qe6
28. Ra5 Rac8 29. Qb1 Qxe4 30. h3 Rd6 31. Raf5 Rg6 32. R1f3 Rxg2+ 33. Kxg2 Nf4+
34. R5xf4 Qxb1 35. Rxb4 a5 36. Rb6 Qe4 37. Kg3 Qe5+ 38. Kg2 Rc2 0-1

[Event "Zurich Jubilee Open 2009"]
[Site "Zuerich SUI"]
[Date "2009.08.10"]
[Round "3.2"]
[White "Miroshnichenko, Evgenij"]
[Black "Gasanov, Eldar"]
[Result "1/2-1/2"]
[WhiteElo "2696"]
[BlackElo "2536"]
[PlyCount "75"]
[EventDate "2009.08.09"]
[EventType "swiss"]
[EventRounds "9"]
[EventCountry "SUI"]
[Source "lmi"]
[SourceDate "2009.08.09"]

1. c4 e5 2. Nc3 Nf6 3. g3 d5 4. cxd5 Nxd5 5. Nf3 Nc6 6. Bg2 Nb6 7. O-O Be7 8.
d3 O-O 9. a3 Be6 10. b4 a5 11. b5 Nd4 12. Bb2 Nb3 13. Rb1 f6 14. Nd2 Nxd2 15.
Qxd2 Nc4 16. Qc1 Nxb2 17. Qxb2 Rb8 18. Rfc1 Rf7 19. Ne4 b6 20. Rc6 Bd5 21. Nd6
Bxc6 22. Nxf7 Kxf7 23. Qb3+ Kf8 24. Bxc6 Bc5 25. a4 Qe7 26. Bd5 Rd8 27. e3 g6
28. Bc4 Kg7 29. Qd1 f5 30. Qf3 Qf6 31. Re1 Bb4 32. Re2 h5 33. h4 Re8 34. Kg2
Bc5 35. Qc6 Qxc6+ 36. bxc6 Kf6 37. f4 e4 38. d4 1/2-1/2

[Event "Zurich Jubilee Open 2009"]
[Site "Zuerich SUI"]
[Date "2009.08.10"]
[Round "3.7"]
[White "Roiz, Michael"]
[Black "Reinaldo Castineira, Roi"]
[Result "1-0"]
[WhiteElo "2658"]
[BlackElo "2503"]
[PlyCount "81"]
[EventDate "2009.08.09"]
[EventType "swiss"]
[EventRounds "9"]
[EventCountry "SUI"]
[Source "lmi"]
[SourceDate "2009.08.09"]

1. Nf3 c5 2. c4 Nc6 3. Nc3 e5 4. e3 Nf6 5. Be2 Be7 6. O-O O-O 7. d4 exd4 8.
exd4 d5 9. Be3 cxd4 10. Nxd4 Nxd4 11. Bxd4 dxc4 12. Bxc4 Bd7 13. Qb3 Bc6 14.
Rad1 Qc7 15. Rfe1 Ng4 16. g3 Bf6 17. Nd5 Bxd5 18. Bxd5 Bxd4 19. Rxd4 Nf6 20.
Qxb7 Qc5 21. Red1 Rae8 22. Bc4 Re1+ 23. Rxe1 Qxd4 24. b3 h5 25. h3 h4 26. g4
Nh7 27. Qd5 Qf4 28. Kg2 g6 29. Re3 Qf6 30. Qe5 Qd8 31. Qe7 Qa5 32. Qxh4 Qxa2
33. Rf3 Qd2 34. Rxf7 Rxf7 35. Bxf7+ Kxf7 36. Qxh7+ Kf6 37. Qh8+ Ke6 38. Qe8+
Kf6 39. Qe3 Qb4 40. Kg3 Qa3 41. h4 1-0

[Event "Zurich Jubilee Open 2009"]
[Site "Zuerich SUI"]
[Date "2009.08.10"]
[Round "3.8"]
[White "Riff, Jean-noel"]
[Black "Fedorchuk, Sergey A"]
[Result "0-1"]
[WhiteElo "2505"]
[BlackElo "2655"]
[PlyCount "90"]
[EventDate "2009.08.09"]
[EventType "swiss"]
[EventRounds "9"]
[EventCountry "SUI"]
[Source "lmi"]
[SourceDate "2009.08.09"]

1. e4 c5 2. Nf3 e6 3. d4 cxd4 4. Nxd4 Qb6 5. Nb3 Qc7 6. Bd3 Nf6 7. Nc3 a6 8.
O-O d6 9. a4 b6 10. f4 Nbd7 11. Qe2 Bb7 12. Bd2 Be7 13. Rae1 O-O 14. Kh1 Rfe8
15. e5 Nd5 16. Nxd5 Bxd5 17. c4 Bb7 18. Nd4 g6 19. Bc3 Bf8 20. Nf3 Bg7 21. Ng5
Nc5 22. Bc2 Rad8 23. b4 Nd7 24. Bb3 Qc6 25. Bd4 h6 26. b5 axb5 27. cxb5 Qxg2+
28. Qxg2 Bxg2+ 29. Kxg2 hxg5 30. fxg5 Bxe5 31. Bf2 Ra8 32. Rc1 Nc5 33. Bxc5
dxc5 34. Rce1 Bd4 35. Re4 Red8 36. h4 c4 37. Bxc4 Rxa4 38. Be2 Rc8 39. h5 Rc5
40. hxg6 Rxg5+ 41. Rg4 Rxg4+ 42. Bxg4 f5 43. Bh3 Ra2+ 44. Kh1 Kg7 45. Re1 Ra1
0-1

[Event "Zurich Jubilee Open 2009"]
[Site "Zuerich SUI"]
[Date "2009.08.10"]
[Round "3.9"]
[White "Areshchenko, Alexander"]
[Black "Gozzoli, Yannick"]
[Result "1-0"]
[WhiteElo "2651"]
[BlackElo "2498"]
[PlyCount "67"]
[EventDate "2009.08.09"]
[EventType "swiss"]
[EventRounds "9"]
[EventCountry "SUI"]
[Source "lmi"]
[SourceDate "2009.08.09"]

1. e4 e5 2. Nf3 Nc6 3. Bb5 f5 4. d3 fxe4 5. dxe4 Nf6 6. Qd3 Bc5 7. Nc3 d6 8.
Na4 Bb6 9. Bd2 O-O 10. Nxb6 axb6 11. h3 Kh8 12. a3 d5 13. Bg5 dxe4 14. Qxd8
Nxd8 15. Nxe5 Ra5 16. a4 c6 17. b4 Ra8 18. Be2 b5 19. a5 Re8 20. O-O-O Nd5 21.
Bxd8 Rxe5 22. Bh4 Bf5 23. Bg3 Re6 24. Rd4 e3 25. Bf3 Rae8 26. fxe3 Rxe3 27. Kd2
Rc3 28. Rc1 Rc4 29. Rxc4 bxc4 30. Bxd5 Rd8 31. Kc3 Rxd5 32. Re1 Kg8 33. Re7 Rb5
34. Bf2 1-0

[Event "Zurich Jubilee Open 2009"]
[Site "Zuerich SUI"]
[Date "2009.08.10"]
[Round "3.10"]
[White "Recuero Guerra, David"]
[Black "Avrukh, Boris"]
[Result "1/2-1/2"]
[WhiteElo "2460"]
[BlackElo "2641"]
[PlyCount "139"]
[EventDate "2009.08.09"]
[EventType "swiss"]
[EventRounds "9"]
[EventCountry "SUI"]
[Source "lmi"]
[SourceDate "2009.08.09"]

1. e4 e5 2. Nf3 Nc6 3. Bb5 a6 4. Bxc6 dxc6 5. O-O Bd6 6. d4 exd4 7. Qxd4 f6 8.
Be3 Ne7 9. Nbd2 Be6 10. Qc3 Ng6 11. Nd4 Qe7 12. Nxe6 Qxe6 13. Qb3 Qxb3 14. axb3
O-O-O 15. Nc4 Bf4 16. Rfe1 Rhe8 17. Bxf4 Nxf4 18. f3 Ne6 19. Rad1 Nd4 20. Ne3
Re5 21. Kf2 Ra5 22. Rd2 Ra2 23. Rb1 Ne6 24. Ke1 Rd4 25. Rxd4 Nxd4 26. Rd1 Ne6
27. Kd2 Ra5 28. h4 Kd8 29. Rh1 Ke8 30. Nd1 Nd4 31. Ne3 Rb5 32. Kc3 Ne6 33. g3
a5 34. Rf1 b6 35. Nd1 Rb4 36. Nf2 c5 37. Nd3 Rd4 38. Re1 Rd7 39. Re3 Nd4 40. g4
Kf7 41. f4 Nc6 42. g5 Rd4 43. Kd2 a4 44. c3 Rd8 45. Kc2 axb3+ 46. Kxb3 Na5+ 47.
Kc2 c4 48. Ne1 Nb3 49. Nf3 Kg6 50. Re2 Kh5 51. gxf6 gxf6 52. e5 Kg4 53. Nh2+
Kxf4 54. exf6 Rf8 55. f7 Kf5 56. Re7 c5 57. Rb7 Rd8 58. Rd7 Rf8 59. Nf3 h6 60.
Rb7 b5 61. Rxb5 Rxf7 62. Nd4+ Nxd4+ 63. cxd4 Ke4 64. dxc5 Kd4 65. Rb6 Kxc5 66.
Rxh6 Rf2+ 67. Kc3 Rf3+ 68. Kc2 Rf2+ 69. Kc3 Rf3+ 70. Kc2 1/2-1/2

[Event "Zurich Jubilee Open 2009"]
[Site "Zuerich SUI"]
[Date "2009.08.10"]
[Round "3.11"]
[White "Kuzubov, Yuriy"]
[Black "Vernay, Clovis"]
[Result "1-0"]
[WhiteElo "2635"]
[BlackElo "2463"]
[PlyCount "67"]
[EventDate "2009.08.09"]
[EventType "swiss"]
[EventRounds "9"]
[EventCountry "SUI"]
[Source "lmi"]
[SourceDate "2009.08.09"]

1. d4 d5 2. c4 c6 3. Nf3 Nf6 4. e3 Bf5 5. Nc3 e6 6. Nh4 Be4 7. f3 Bg6 8. Qb3
Qc7 9. Bd2 Nbd7 10. cxd5 Nxd5 11. e4 Nxc3 12. bxc3 Be7 13. Nxg6 hxg6 14. g3
Rxh2 15. Rxh2 Qxg3+ 16. Rf2 Bh4 17. O-O-O Qxf2 18. Qxb7 Rb8 19. Qxc6 Rb6 20.
Qa8+ Rb8 21. Qc6 Rb6 22. Qc8+ Bd8 23. a4 Rb8 24. Qc6 Rb6 25. Qa8 Qxf3 26. Bb5
a6 27. Rf1 Qg2 28. Bxd7+ Ke7 29. Bb5 axb5 30. Qa7+ Kd6 31. e5+ Kd5 32. Qa8+ Rc6
33. Qxd8+ Kc4 34. Rd1 1-0

[Event "Zurich Jubilee Open 2009"]
[Site "Zuerich SUI"]
[Date "2009.08.10"]
[Round "3.12"]
[White "Strohhaeker, Raoul"]
[Black "Mikhalevski, Victor"]
[Result "0-1"]
[WhiteElo "2439"]
[BlackElo "2631"]
[PlyCount "36"]
[EventDate "2009.08.09"]
[EventType "swiss"]
[EventRounds "9"]
[EventCountry "SUI"]
[Source "lmi"]
[SourceDate "2009.08.09"]

1. e4 e5 2. Nf3 Nc6 3. Bc4 Bc5 4. c3 Nf6 5. d3 d6 6. Nbd2 a6 7. Bb3 Ba7 8. h3
O-O 9. Nf1 Be6 10. g4 d5 11. Qe2 Na5 12. g5 Nxb3 13. gxf6 Nxc1 14. Rxc1 Qxf6
15. Ng3 dxe4 16. dxe4 Bxa2 17. Rg1 Bc4 18. Nh5 Qh6 0-1

[Event "Zurich Jubilee Open 2009"]
[Site "Zuerich SUI"]
[Date "2009.08.10"]
[Round "3.13"]
[White "Hirneise, Tobias"]
[Black "Golod, Vitali"]
[Result "0-1"]
[WhiteElo "2429"]
[BlackElo "2599"]
[PlyCount "114"]
[EventDate "2009.08.09"]
[EventType "swiss"]
[EventRounds "9"]
[EventCountry "SUI"]
[Source "lmi"]
[SourceDate "2009.08.09"]

1. d4 d5 2. c4 dxc4 3. Nf3 c6 4. e3 Be6 5. Qc2 Nf6 6. Bxc4 Bxc4 7. Qxc4 e6 8.
Nc3 Qa5 9. O-O Qa6 10. Qb3 Be7 11. e4 h6 12. Bf4 O-O 13. Rfe1 Nbd7 14. Rad1
Rfe8 15. h3 Bf8 16. Ne5 Rad8 17. Nc4 Nb6 18. Nxb6 Qxb6 19. Qc4 c5 20. dxc5 Bxc5
21. Bg3 Qc6 22. Qe2 Rxd1 23. Rxd1 Bb4 24. Rd3 Nd7 25. a3 Bf8 26. Qd1 Nb6 27.
Qb3 a6 28. Kh2 Nc4 29. a4 Rc8 30. Kh1 g6 31. f3 Bg7 32. Nd1 h5 33. Qb4 Bf8 34.
Qc3 Bg7 35. Qb4 Ne5 36. Rc3 Qd7 37. Rxc8+ Qxc8 38. Qc3 Qxc3 39. bxc3 Nc4 40.
Kg1 Nb6 41. a5 Na4 42. Be1 Nc5 43. Nb2 Kf8 44. Kf1 Ke7 45. Ke2 Kd6 46. Nd3 Kc6
47. c4 Nb3 48. Bb4 Bf6 49. Kd1 Kd7 50. Nc5+ Nxc5 51. Bxc5 Be7 52. Bb6 Bd8 53.
Bxd8 Kxd8 54. Kc2 Kc7 55. Kc3 b6 56. Kb4 Kc6 57. Ka4 h4 0-1

[Event "Zurich Jubilee Open 2009"]
[Site "Zuerich SUI"]
[Date "2009.08.10"]
[Round "3.14"]
[White "Safarli, Eltaj"]
[Black "Agopov, Mikael"]
[Result "1/2-1/2"]
[WhiteElo "2597"]
[BlackElo "2442"]
[PlyCount "148"]
[EventDate "2009.08.09"]
[EventType "swiss"]
[EventRounds "9"]
[EventCountry "SUI"]
[Source "lmi"]
[SourceDate "2009.08.09"]

1. e4 c5 2. Nf3 Nc6 3. Bb5 d6 4. O-O Bd7 5. c3 Nf6 6. Re1 a6 7. Ba4 b5 8. Bc2
e5 9. h3 Be7 10. d4 O-O 11. d5 Na7 12. Nxe5 dxe5 13. d6 Nc8 14. dxe7 Qxe7 15.
Bg5 Bc6 16. Nd2 h6 17. Bh4 Nb6 18. Qf3 Rfd8 19. Nf1 Qe6 20. b3 c4 21. Rad1 Rd7
22. Rxd7 Nfxd7 23. Ne3 Nf8 24. Rd1 Ng6 25. Bd8 Bb7 26. Nf5 Nd7 27. Ba5 Nc5 28.
Rd6 Qe8 29. bxc4 bxc4 30. Qg4 Nd3 31. g3 Rb8 32. Bc7 Rc8 33. Bb6 Bc6 34. Ne3 h5
35. Qxh5 Bxe4 36. Qg4 Ba8 37. h4 e4 38. Ba4 Qf8 39. Qxc8 Qxc8 40. Rd8+ Qxd8 41.
Bxd8 Nge5 42. Bc7 Bc6 43. Bxc6 Nxc6 44. Kf1 Nb2 45. Ke2 g6 46. g4 Kg7 47. Bd6
f6 48. h5 f5 49. gxf5 gxh5 50. Nd5 Kf7 51. Bg3 Nd3 52. Ke3 Nc5 53. Kf4 Ne7 54.
Nxe7 Kxe7 55. Ke5 Na4 56. Bh4+ Kf7 57. Kd4 Nb2 58. Kxe4 a5 59. Kd5 a4 60. a3
Nd3 61. Kxc4 Ne5+ 62. Kd5 Nf3 63. Bg3 h4 64. Bd6 h3 65. c4 h2 66. Bxh2 Nxh2 67.
Kd6 Ng4 68. c5 Nxf2 69. c6 Ne4+ 70. Kd5 Nf6+ 71. Kc5 Ke7 72. Kb6 Nd5+ 73. Kb7
Kf6 74. c7 Nxc7 1/2-1/2